Normal view MARC view
  • ELECTRONIC CIRCUITS-HANDBOOK MANUALS,ETC.PASSIVE ELECTRICAL CIRCUITS.ELECTRON VACUUM DEVICES.MICROWAVE VACUUM DEVICES.SEMICONDUCTOR DEVICES AND CIRCUITS.M,ICROELECTRONICS.OPTOELECTRONICS.POWER SUPPLIES AND REGULATIONS.PACKAGING ELECTRONIC SYSTEMS.COMMUNICATION PRINCIPLES.ELECTROMAGNETIC RADIATION.INFORMATION RECORDING AND STORAGE.WIRED COMMUNICATION SYSTEMS.WIRELESS COMMUNICATION SYSTEMS.RADAR AND RADIO NAVIGATION.CONTROL AND INSTRUMENTATION TECHNOLOGY.COMPUTER SYSTEMS.SIGNAL MEASUREMENT ANALYSIS AND TESTING.RELIABILITY ENGINEERING.SAFETY ENGINEERING.ENGINEERING MANAGEMENT, STANDARDIZARTION AND REGULATION

Entry Topical Term

Number of records used in: 1

001 - CONTROL NUMBER

  • control field: 58882

003 - CONTROL NUMBER IDENTIFIER

  • control field: NUST

005 - DATE AND TIME OF LATEST TRANSACTION

  • control field: 20210628202228.0

008 - FIXED-LENGTH DATA ELEMENTS

  • fixed length control field: 210628|| aca||aabn | a|a d

040 ## - CATALOGING SOURCE

  • Original cataloging agency: NUST
  • Transcribing agency: NUST

150 ## - HEADING--TOPICAL TERM

  • Topical term or geographic name entry element: ELECTRONIC CIRCUITS-HANDBOOK MANUALS,ETC.PASSIVE ELECTRICAL CIRCUITS.ELECTRON VACUUM DEVICES.MICROWAVE VACUUM DEVICES.SEMICONDUCTOR DEVICES AND CIRCUITS.M,ICROELECTRONICS.OPTOELECTRONICS.POWER SUPPLIES AND REGULATIONS.PACKAGING ELECTRONIC SYSTEMS.COMMUNICATION PRINCIPLES.ELECTROMAGNETIC RADIATION.INFORMATION RECORDING AND STORAGE.WIRED COMMUNICATION SYSTEMS.WIRELESS COMMUNICATION SYSTEMS.RADAR AND RADIO NAVIGATION.CONTROL AND INSTRUMENTATION TECHNOLOGY.COMPUTER SYSTEMS.SIGNAL MEASUREMENT ANALYSIS AND TESTING.RELIABILITY ENGINEERING.SAFETY ENGINEERING.ENGINEERING MANAGEMENT, STANDARDIZARTION AND REGULATION

670 ## - SOURCE DATA FOUND

  • Source citation: Work cat.: (NUST): Whitaker , Jerry.C. 58881, The electronics hand book, 2005
© 2023 Central Library, National University of Sciences and Technology. All Rights Reserved.